01388nam a22002777a 45000010005000000030006000050050017000110080041000280200018000690400029000870820012001161000031001282450080001592500058002392600035002973000050003324900018003825050008004005200472004085210020008805210020009007000030009209420015009509990015009659520130009804042FISKH20250116160055.0240603b cb ||||| |||| 00| 0 eng d a9781444001075 aFISKHbengcFISKHdFISKH a823.914 aSimon, Francesca eauthor  aHorrid Henry's Car Journey /cby Francesca Simon : illustrated by Tony Ross aThis edition first published in Great Britain in 2011 aLondon : bOrin House ; c2002 a78 pages : bcolor illustrations ; c21 cm .  aEarly Reader  aK  aEarly Readers are stepping stones from picture books to reading books. A blue Early Reader is perfect for sharing and reading together. A red Early Reader is the next step on your reading journey. Horrid Henry hates car journeys - especially when it means going to visit Prissy Polly and Pimply Paul, and missing Rude Ralph's birthday party. Watch out, Mum and Dad, because Henry is prepared to do whatever it takes to get out of this trip. Read by Miranda Richardson8 a520 bLexile 8 aK bRaz-Plus  aRoss, Tony eillustrator  2ddccBKn0 c4042d4042 00102ddc40708JUVFa001b002cTTPd2024-06-03l1oSIM 823.914pFISBK05169r2025-11-14 10:42:14s2025-11-10w2024-06-03yBK